[Event "EYCC Girls U16 2018"]
[Site "Riga"]
[Date "2018.08.28"]
[Round "8"]
[White "Schneider, Jana"]
[Black "Rudzinska, Michalina"]
[Result "1-0"]
[WhiteElo "2179"]
[BlackElo "2003"]
[Annotator "TA"]
[PlyCount "118"]
[EventDate "2018.08.20"]
[EventType "swiss"]
[EventCountry "LAT"]
[SourceTitle "playchess.com"]
[Source "ChessBase"]
[SourceQuality "1"]

{[%evp 18,118,87,82,83,46,58,42,40,32,27,11,19,22,20,0,1,0,12,-20,-12,-26,-30,-43,-42,-56,-25,-56,6,-72,0,-40,0,-7,0,-2,-11,-12,-7,-10,-2,-49,38,57,50,0,33,34,92,83,114,106,95,89,141,140,146,146,146,132,317,141,121,88,356,135,135,136,235,244,389,347,570,568,547,505,1178,1178,1050,974,934,925,1008,943,1180,758,750,750,750,736,695,675,1147,1140,1122,1110,1089,1056,1074,1067,1067,1012,29973]} 1. e4 c5 2. Nf3 e6 3. d4 cxd4 4. Nxd4 a6 5. Bd3 Qb6 6. Be3 {B42: Sizilianisch (Paulsen-Variante)} (6. Nb3 Qc7 7. O-O Nf6 8. c4 d6 9. Nc3 Nbd7 10. Be3 b6 11. Rc1 Bb7 12. Qd2 Be7 13. Rfd1 O-O 14. f3 Rac8 15. Bf1 Rfe8 16. Qf2 Bd8 17. h3 {1-0 (48) Malakhov,V (2699)-Erdos,V (2621) Bol 2014}) 6... Bc5 7. c3 Nc6 8. Nd2 Nxd4 9. Nc4 Qc7 10. cxd4 {LiveBook: 4 Partien} Bb4+ 11. Bd2 Bxd2+ 12. Nxd2 $146 ({Vorgänger:} 12. Qxd2 b5 13. Ne3 Ne7 14. a4 {½-½ (24) Simacek,P (2472)-Simantsev,M (2464) Orlova 2014}) 12... Ne7 13. e5 d6 14. Nc4 dxe5 15. dxe5 {Schwarz muss nun Sd6+ beachten.} O-O $1 16. O-O Bd7 17. Rc1 Bc6 18. f4 (18. Qc2 {feels hotter.} g6 19. Rfe1 Rad8 20. b3 Nd5 21. Qd2) 18... Rad8 19. Qe2 h6 20. Kh1 Rd7 21. Bb1 Rfd8 22. Nd6 Qa5 (22... Nc8 $15 23. Ne4 Qb6) 23. Rc3 (23. Qf2 $11 {hält das Gleichgewicht.}) 23... Nc8 (23... Bb5 $1 $17 {[%cal Rb5e2]} 24. Bd3 Bxd3 25. Rxd3 Qxa2) 24. Nc4 Qc7 25. Qg4 Ne7 26. Rg3 {[%csl Gg3][%cal Rg4g7]} g6 $1 {...Lxg2+! ist eine echte Drohung.} 27. Nd6 Rxd6 $1 28. exd6 Rxd6 29. h4 f5 ({Lieber} 29... Bb5 $15 30. Rc3 Qd7) 30. Qe2 $36 {[%mdl 2048] Weiss kämpft um Vorteil.} Qd7 {Droht ...Lb5 und aus.} 31. Bd3 h5 32. Bc4 {zielt auf Dxh5 ab.} Kf7 (32... b5 $14 33. Bb3 Kh7) 33. Rd3 $1 $16 Nd5 34. Qe5 Qe7 35. Kg1 $1 Rd8 ({Günstiger ist} 35... Bb5 36. Bxb5 axb5) 36. Re1 Qc5+ 37. Rd4 Re8 {[#]} 38. b4 $1 {[%mdl 512]} Qb6 $2 {[#]} (38... Qa7 $16 39. a3 (39. Bxd5 exd5 40. Qc7+ Kf6 $16) 39... Qb8) (38... Qxb4 39. Bxd5) 39. Kh2 (39. a4 $1 $18 {[%mdl 512] und der Rest ist Schweigen.}) 39... Qd8 40. g3 Qf6 $2 {[%mdl 8192]} (40... Qc8 $16) 41. Qxf6+ $2 ({Schwächer ist} 41. Bxd5 Qxe5 42. Rxe5 Bxd5 $14) (41. Rxd5 $1 $18 {ist der präzise Gewinnweg.} exd5 42. Bxd5+ Kg7 43. Qxf6+ Kxf6 44. Rxe8 Bxe8 45. Bxb7) 41... Nxf6 42. Rc1 Nd5 {[#]} (42... Be4 $16 43. b5 axb5 44. Bxb5 Re7) 43. Bxa6 $1 $18 {[%mdl 512]} Ra8 (43... Rc8 $142) (43... bxa6 44. Rxc6) 44. b5 {[%cal Bb4b5,Bb5b6,Bb6b7][%mdl 32]} Be8 $2 (44... Ke7 45. bxc6 bxa6) 45. Bxb7 {Weiß steht klar auf Gewinn.} Rxa2+ 46. Kg1 Ra3 (46... Rb2 $142 47. Bxd5 exd5 48. Rxd5 Rxb5) 47. Bxd5 exd5 {[%mdl 4096] Endspiel KTT-KTL} 48. Rb1 Ke6 49. b6 {Und weiter mit b7 wäre nett.} Ra8 50. Rd2 Kd6 51. Kf2 Bc6 52. b7 Rb8 53. Rdb2 d4 54. Rb6 Kc5 55. Ke1 Be4 56. R1b2 Bc6 57. Kd2 Be8 58. Re6 Bf7 59. Rf6 Kd5 {Precision: Weiß = 51%, Schwarz = 34%.} 1-0

[Event "EYCC Girls U16 2018"]
[Site "Riga"]
[Date "2018.08.28"]
[Round "8"]
[White "Urh, Zala"]
[Black "Khachatryan, Anna"]
[Result "0-1"]
[WhiteElo "2156"]
[BlackElo "1969"]
[Annotator "TA"]
[PlyCount "56"]
[EventDate "2018.08.20"]
[EventType "swiss"]
[EventCountry "LAT"]
[SourceTitle "playchess.com"]
[Source "ChessBase"]
[SourceQuality "1"]

{[%evp 21,56,34,44,24,16,2,83,69,46,0,18,-16,0,-55,-47,-51,-33,-183,-100,-128,-133,-154,-120,-536,-533,-520,-473,-1323,-1308,-29988,-29989,-29989,-29990,-29977,-29980,-29995,-29996]} 1. d4 Nf6 2. c4 g6 3. Nc3 Bg7 4. e4 d6 5. Nf3 O-O 6. h3 e5 7. d5 Nh5 8. g3 {E90: King's Indian: Classical: Early deviations and 6 h3} f5 (8... Na6 9. Be2 Nc5 10. b4 Nd7 11. Rb1 a5 12. a3 axb4 13. axb4 Qe7 14. Bg5 f6 15. Be3 f5 16. exf5 {½-½ (68) Akobian,V (2647)-Guseinov,G (2646) Riadh 2017}) 9. exf5 gxf5 10. Ng5 Qe8 11. Be2 Nf6 {LiveBook: 21 Games} 12. Qc2 Na6 13. Be3 {[#]} Bd7 $146 (13... f4 $11 14. gxf4 exf4) ({Predecessor:} 13... Nb4 14. Qb3 a5 15. a3 Na6 {½-½ (59) Simantsev,M (2486)-Kanarek,M (2530) Darlowo 2017}) 14. O-O-O $16 Nb4 15. Qd2 a5 $1 16. h4 c6 17. Ne6 (17. dxc6 $1 $11 Bxc6 18. Rhe1) 17... Bxe6 $15 18. dxe6 d5 $1 $36 {[%cal Bd6d5,Bd5d4][%mdl 2080] [#] Threatens to win with ...d4. White is under pressure.} 19. Bc5 ({Of course not} 19. cxd5 cxd5 20. a3 Qxe6 $17) (19. h5 $1 $15) 19... Qxe6 ({Black should play} 19... d4 $19 20. Bxf8 dxc3 21. bxc3 Ne4) 20. Bxf8 Bxf8 21. a3 d4 22. Na4 $2 {[%mdl 8192]} ({Reject} 22. axb4 $6 dxc3 23. Qxc3 (23. bxc3 axb4 24. Qg5+ Kh8 $19) 23... axb4 $11) (22. Kb1 $17) 22... Ne4 $1 $19 {[%csl LRd2,LRf2]} 23. Qe1 {[#]} d3 $1 {[%mdl 512]} 24. axb4 (24. Nb6 $142 Bh6+ 25. Kb1) (24. Bxd3 Nxd3+) 24... Qxc4+ 25. Nc3 axb4 {[%cal Ra8a1,Ba5b4,Bb4c3,Bc3c2][%mdl 32] Black mates.} 26. Bxd3 Ra1+ 27. Bb1 bxc3 28. Rd8 c2 {Precision: White = 20%, Black = 71%.} 0-1

[Event "EYCC Girls U16 2018"]
[Site "Riga"]
[Date "2018.08.28"]
[Round "8"]
[White "Kucharska, Honorata"]
[Black "Verbin, Valentina"]
[Result "1/2-1/2"]
[WhiteElo "2030"]
[BlackElo "1838"]
[Annotator "NA RC"]
[PlyCount "90"]
[EventDate "2018.08.20"]
[EventType "swiss"]
[EventCountry "LAT"]
[SourceTitle "playchess.com"]
[Source "ChessBase"]
[SourceQuality "1"]
[TimeControl "40/5400+30:1800+30"]

1. e4 {[%emt 0:00:00]} c5 {[%emt 0:00:00]} 2. Nf3 {[%emt 0:00:00]} d6 {[%emt 0:00:00]} 3. d4 {[%emt 0:00:00]} cxd4 {[%emt 0:00:09]} 4. Qxd4 {[%emt 0:00:00]} Nc6 {[%emt 0:00:11]} 5. Bb5 {[%emt 0:00:06]} Bd7 {[%emt 0:00:10]} 6. Bxc6 {[%emt 0:00:09]} Bxc6 {[%emt 0:00:04]} 7. Nc3 {[%emt 0:00:16]} h6 {[%emt 0:00:09]} 8. Qd3 {[%emt 0:02:38]} e5 {[%emt 0:00:52]} 9. Nd2 {[%emt 0:00:43] B53: Sicilian: 2...d6: Lines with Qxd4} Nf6 {[%emt 0:00:53]} 10. Nc4 {[%emt 0:00:52]} b5 {[%emt 0:09:22]} (10... Be7 11. Ne3 O-O 12. O-O Re8 13. a4 a6 14. a5 b5 15. axb6 Qxb6 16. Ncd5 Nxd5 17. Nxd5 Bxd5 18. Qxd5 {½-½ (18) Zvjaginsev,V (2643)-Navara,D (2708) Rijeka 2010}) 11. Ne3 {[%emt 0:02:26]} Rc8 {[%emt 0:05:58]} 12. O-O {[%emt 0:04:52]} Qd7 {[%emt 0:02:27]} 13. f3 $146 {[%emt 0:04:05]} ({Predecessor:} 13. Ncd5 Bxd5 14. exd5 Nh5 15. a4 b4 16. Qb5 {0-1 (46) Savitskiy,S (2347)-Alikulov,E (2232) Moscow 2014}) 13... b4 {[%emt 0:03:09]} 14. Ne2 {[%emt 0:06:37]} d5 {[%emt 0:01:29]} 15. exd5 {[%emt 0:04:34]} Nxd5 {[%emt 0:05:02]} 16. Nxd5 {[%emt 0:01:24]} Qxd5 {[%emt 0:00:31]} 17. Be3 {[%emt 0:02:48]} Qxd3 {[%emt 0:00:22]} 18. cxd3 {[%emt 0:00:14]} Bb5 {[%emt 0:04:09]} 19. Rac1 {[%emt 0:06:13]} Rd8 {[%emt 0:07:50]} 20. Rfe1 {[%emt 0:04:22]} Bxd3 {[%emt 0:04:17]} 21. Nf4 {[%emt 0:03:47]} Be7 {[%emt 0:06:13]} ({Jedoch nicht} 21... exf4 $2 22. Bb6+ Kd7 23. Bxd8 $18) 22. Nxd3 {[%emt 0:05:15]} Rxd3 {[%emt 0:00:06]} 23. Rc7 {[%emt 0:07:29]} Bd8 {[%emt 0:04:38]} 24. Rxa7 {[%emt 0:00:51]} O-O {[%emt 0:00:53]} 25. Bc5 {[%emt 0:03:18]} Re8 {[%emt 0:02:41]} 26. Rb7 {[%emt 0:00:07]} Rd2 {[%emt 0:12:00]} 27. Rb8 {[%emt 0:05:05]} f6 {[%emt 0:15:33]} 28. Bxb4 {[%emt 0:05:00]} Rxb2 {[%emt 0:00:14]} 29. Rd1 {[%emt 0:06:53]} Kf7 {[%emt 0:02:13]} 30. Rd7+ {[%emt 0:02:00]} Ke6 {[%emt 0:00:12]} 31. Rd6+ {[%emt 0:01:03]} Kf7 {[%emt 0:00:59]} 32. a3 {[%emt 0:07:18]} Be7 {[%emt 0:01:31]} 33. Rb7 {[%emt 0:00:35]} Kg6 {[%emt 0:07:51]} 34. Rdd7 {[%emt 0:01:12]} Rc8 {[%emt 0:00:19]} 35. h4 {[%emt 0:00:55]} Bxb4 {[%emt 0:02:05]} 36. Rxg7+ {[%emt 0:00:46]} Kh5 {[%emt 0:00:14]} 37. axb4 {[%emt 0:00:37]} Rc4 {[%emt 0:01:46]} 38. Rbf7 {[%emt 0:03:41]} Rf4 {[%emt 0:00:34]} 39. Rf8 {[%emt 0:03:18]} Rbxb4 {[%emt 0:01:09]} 40. Rh8 {[%emt 0:00:00]} e4 {[%emt 0:00:00]} 41. fxe4 {[%emt 0:06:15]} Rb1+ {[%emt 0:04:04]} 42. Kh2 {[%emt 0:00:04]} Rxh4+ {[%emt 0:00:09]} 43. Kg3 {[%emt 0:00:04]} Rb3+ {[%emt 0:00:56]} 44. Kf2 {[%emt 0:00:28]} Rxe4 {[%emt 0:00:16]} 45. Rgh7 $11 {[%emt 0:01:08]} Rf4+ {[%emt 0:01:35]} 1/2-1/2

[Event "EYCC Girls U16 2018"]
[Site "Riga"]
[Date "2018.08.28"]
[Round "8"]
[White "Grigorieva, Yulia"]
[Black "Nestorovic, Katarina"]
[Result "1-0"]
[WhiteElo "1992"]
[BlackElo "1995"]
[Annotator "NA RC"]
[PlyCount "61"]
[EventDate "2018.08.20"]
[EventType "swiss"]
[EventCountry "LAT"]
[SourceTitle "playchess.com"]
[Source "ChessBase"]
[SourceQuality "1"]
[TimeControl "40/5400+30:1800+30"]

1. d4 {[%emt 0:00:00]} Nf6 {[%emt 0:00:00]} 2. c4 {[%emt 0:00:00]} e6 {[%emt 0:00:00]} 3. Nf3 {[%emt 0:00:00]} Bb4+ {[%emt 0:00:33]} 4. Bd2 {[%emt 0:00:06]} Qe7 {[%emt 0:00:13]} 5. g3 {[%emt 0:00:42]} Nc6 {[%emt 0:01:27]} 6. Nc3 {[%emt 0:00:41]} O-O {[%emt 0:05:57]} 7. Bg2 {[%emt 0:01:43]} Bxc3 {[%emt 0:01:03]} 8. Bxc3 {[%emt 0:00:10]} Ne4 {[%emt 0:00:16]} 9. Rc1 {[%emt 0:00:55]} Nxc3 {[%emt 0:00:23]} 10. Rxc3 {[%emt 0:00:53]} d6 {[%emt 0:00:19]} 11. d5 {[%emt 0:00:49]} Nb8 {[%emt 0:22:51]} 12. dxe6 {[%emt 0:01:12]} fxe6 {[%emt 0:00:36]} 13. O-O {[%emt 0:02:08]} a5 {[%emt 0:07:55]} 14. c5 {[%emt 0:11:50]} dxc5 {[%emt 0:05:24]} 15. Qc2 {[%emt 0:05:37]} Nd7 {[%emt 0:01:47]} 16. h4 {[%emt 0:04:14]} Ra6 {[%emt 0:07:55]} 17. Ng5 {[%emt 0:05:01]} g6 $16 {[%emt 0:01:18]} 18. Be4 {[%emt 0:13:10]} b5 {[%emt 0:17:05]} 19. f4 {[%emt 0:12:27]} Qg7 {[%emt 0:05:27]} 20. Rf2 {[%emt 0:14:40]} Nf6 {[%emt 0:08:37]} 21. Rxc5 {[%emt 0:05:45]} Ng4 {[%emt 0:00:52]} 22. Rf3 {[%emt 0:12:16]} Qd4+ {[%emt 0:00:44]} 23. Kg2 {[%emt 0:00:20]} Rd6 {[%emt 0:08:23]} 24. Rxc7 {[%emt 0:04:29]} Bd7 {[%emt 0:00:05]} 25. Bxg6 {[%emt 0:01:47]} Ne3+ {[%emt 0:00:05]} 26. Rxe3 {[%emt 0:00:13]} Qxe3 {[%emt 0:00:01]} 27. Be8 {[%emt 0:01:31]} Rf5 {[%emt 0:01:59]} 28. Rxd7 {[%emt 0:00:27]} Rxd7 {[%emt 0:02:11]} 29. Bxd7 {[%emt 0:00:08]} Rf6 {[%emt 0:00:30]} 30. Bxe6+ {[%emt 0:00:50]} Rxe6 {[%emt 0:00:19]} 31. Qxh7+ {[%emt 0:00:06]} 1-0

[Event "EYCC Girls U16 2018"]
[Site "Riga"]
[Date "2018.08.28"]
[Round "8"]
[White "Swiech, Joanna"]
[Black "Bucur, Denisa Andreea"]
[Result "1/2-1/2"]
[WhiteElo "1946"]
[BlackElo "2077"]
[Annotator "NA RC"]
[PlyCount "70"]
[EventDate "2018.08.20"]
[EventType "swiss"]
[EventCountry "LAT"]
[SourceTitle "playchess.com"]
[Source "ChessBase"]
[SourceQuality "1"]
[TimeControl "40/5400+30:1800+30"]

1. Nf3 {[%emt 0:00:00]} d5 {[%emt 0:00:00]} 2. d4 {[%emt 0:00:00]} Nf6 {[%emt 0:00:08]} 3. Bf4 {[%emt 0:00:09]} c5 {[%emt 0:00:34]} 4. e3 {[%emt 0:00:30]} Nc6 {[%emt 0:01:30]} 5. c3 {[%emt 0:00:45]} Qb6 {[%emt 0:00:41]} 6. Qb3 {[%emt 0:01:42]} c4 {[%emt 0:01:00]} 7. Qxb6 {[%emt 0:01:14]} axb6 {[%emt 0:00:02]} 8. Nbd2 {[%emt 0:10:49]} Bf5 {[%emt 0:01:02] D02: 1 d4 d5 2 Nf3 sidelines, including 2...Nf6 3 g3 and 2...Nf6 3 Bf4} 9. Be2 {[%emt 0:01:40]} (9. a3 h6 10. Be2 b5 11. O-O e6 12. Ne5 Nxe5 13. dxe5 Nd7 14. Nf3 Bg4 15. Nd4 Bxe2 16. Nxe2 Nc5 17. Nd4 Ra5 18. Bg3 Be7 19. f3 O-O 20. Rad1 {½-½ (52) Eljanov,P (2717)-Bluebaum,M (2588) Berlin 2015}) 9... b5 {[%emt 0:02:33]} 10. Nh4 {[%emt 0:06:44]} Bc2 {[%emt 0:08:02]} 11. Rc1 {[%emt 0:07:28]} Bg6 {[%emt 0:01:20]} 12. Nxg6 {[%emt 0:01:05]} hxg6 {[%emt 0:00:02]} 13. a3 {[%emt 0:00:26]} e6 {[%emt 0:00:51]} 14. Bf3 $146 {[%emt 0:03:13]} ({Predecessor:} 14. Nf3 Be7 15. h3 Ne4 {½-½ (66) Mondelo Fidalgo,A (1739)-Ortiz Amenos,J (2039) Linares 2014}) 14... Be7 {[%emt 0:08:03]} 15. g4 {[%emt 0:08:52]} Nd7 {[%emt 0:07:57]} 16. e4 {[%emt 0:06:27]} Nb6 {[%emt 0:00:26]} 17. O-O {[%emt 0:04:53]} O-O {[%emt 0:06:58]} 18. Rc2 {[%emt 0:01:30]} dxe4 {[%emt 0:08:09]} 19. Bxe4 {[%emt 0:02:34]} Nd5 {[%emt 0:16:55]} 20. Be5 {[%emt 0:08:54]} f6 {[%emt 0:04:23]} 21. Bxd5 {[%emt 0:02:50]} exd5 {[%emt 0:00:02]} 22. Bf4 {[%emt 0:00:53]} b4 {[%emt 0:05:28]} 23. axb4 {[%emt 0:00:50]} Bxb4 {[%emt 0:00:09]} 24. Nf3 {[%emt 0:06:07]} Be7 {[%emt 0:00:45]} 25. Re1 {[%emt 0:00:43]} Kf7 {[%emt 0:09:20]} 26. Rce2 {[%emt 0:00:33]} Rfe8 {[%emt 0:06:16]} 27. Re6 {[%emt 0:04:36]} Bf8 {[%emt 0:01:58]} 28. Rxe8 {[%emt 0:00:34]} Rxe8 {[%emt 0:00:02]} 29. Rxe8 {[%emt 0:00:35]} Kxe8 {[%emt 0:00:01]} 30. Kf1 {[%emt 0:01:50]} b5 {[%emt 0:01:35]} 31. Ke2 {[%emt 0:01:10]} b4 {[%emt 0:01:05]} 32. Ne1 {[%emt 0:01:05]} Kd7 {[%emt 0:02:21]} 33. Ng2 {[%emt 0:00:34]} bxc3 {[%emt 0:01:23]} 34. bxc3 $11 {[%emt 0:00:05]} Ba3 {[%emt 0:00:37]} 35. Bd2 {[%emt 0:00:49]} Ne7 {[%emt 0:02:08]} 1/2-1/2

[Event "EYCC Girls U16 2018"]
[Site "Riga"]
[Date "2018.08.28"]
[Round "8"]
[White "Aubert, Estee"]
[Black "Badelka, Olga"]
[Result "0-1"]
[WhiteElo "1934"]
[BlackElo "2416"]
[Annotator "TA"]
[PlyCount "80"]
[EventDate "2018.08.20"]
[EventType "swiss"]
[EventCountry "LAT"]
[SourceTitle "playchess.com"]
[Source "ChessBase"]
[SourceQuality "1"]

{[%evp 19,80,-17,-16,-17,-12,-17,0,0,0,0,0,0,37,46,118,54,122,64,58,59,53,18,50,52,268,254,282,278,246,285,275,277,280,285,269,266,320,154,139,30,37,35,29,27,40,44,176,53,56,21,13,13,14,-143,-157,-983,-977,-952,-939,-901,-895,-29996,-29997]} 1. d4 Nf6 2. Bf4 e6 3. e3 d5 4. Nd2 Bd6 5. Bg3 O-O 6. Ngf3 c5 {D02: 1 d4 d5 2 Nf3 sidelines, including 2...Nf6 3 g3 and 2...Nf6 3 Bf4} 7. c3 b6 (7... Qc7 8. Bd3 Nbd7 9. O-O b6 10. e4 Bxg3 11. hxg3 dxe4 12. Nxe4 Bb7 13. Qe2 Rfd8 14. Rad1 cxd4 15. Nxd4 a6 16. Rfe1 h6 {½-½ (37) So,W (2815)-Carlsen,M (2832) chess.com INT 2017}) 8. Ne5 Qc7 9. f4 Nc6 10. Bd3 Ne7 {LiveBook: 8 Games} 11. O-O Bb7 12. Qf3 Ne8 13. Qh5 $146 {[%csl Gd3][%cal Rh5h7]} ({Predecessor:} 13. Bh4 f5 14. Qh3 Nf6 15. Ndf3 Ne4 16. Kh1 Bxe5 17. Nxe5 Ng6 18. Nf3 Nxh4 19. Qxh4 {1-0 (42) Pezerovic,E (2455)-Scheckenbach,F (2178) Bad Wiessee 2011}) 13... f5 14. Ndf3 Nf6 15. Qh3 h6 16. Bh4 Ne4 (16... Bxe5 $1 $14 17. Nxe5 Nd7) 17. Kh1 (17. Bxe7 $1 $16 Bxe7 18. Ng6) 17... Bxe5 (17... Nc6 $14) 18. Nxe5 (18. Bxe7 $1 $16 Qxe7 19. Nxe5) 18... Nc6 $14 19. Ng6 Rfe8 20. Be2 Kh7 21. Bh5 $1 Nf6 $2 (21... Ba6 $14) 22. Bxf6 $1 $18 gxf6 23. g4 fxg4 24. Qxg4 f5 {[#]} 25. Qh3 $1 Rg8 26. Rg1 Ba6 27. Rad1 Qd8 {[#]} 28. Rg3 (28. e4 $1 $18 {[%mdl 512]}) 28... Qf6 $16 29. Qg2 (29. Rdg1 $16) 29... Rg7 $11 30. Rg1 Rag8 31. Qc2 Ne7 {[%cal Re7g6,Bc6e7,Be7g8,Bg8f6][%mdl 32]} 32. Ne5 {Black must now prevent Qa4.} Rxg3 (32... Qh4 $14 33. Rxg7+ Rxg7 34. Rxg7+ Kxg7 35. Qg2+ Kh8) 33. Rxg3 ({White must play} 33. hxg3 $18 {Hoping for Qa4.} Bb5 34. Qb3) 33... Qh4 $14 34. Rxg8 (34. Bg4 $5) 34... Nxg8 35. Qd1 $36 {[%mdl 2048] White has good play.} Nf6 36. Bf7 $2 (36. Bf3 $11 h5 37. Qd2 (37. Qg1 Ng4 $11)) 36... Ne4 $17 {( -> ...Nf2+)} 37. Qg1 $2 (37. Bg8+ $17 Kxg8 38. Qg1+ Ng5 39. fxg5 Qe4+ 40. Qg2) 37... Nf2+ $19 38. Kg2 Nh3 39. Qd1 Qf2+ 40. Kh1 Bf1 {Precision: White = 42%, Black = 52%.} 0-1

[Event "EYCC Girls U16 2018"]
[Site "Riga"]
[Date "2018.08.29"]
[Round "9"]
[White "Badelka, Olga"]
[Black "Schneider, Jana"]
[Result "1/2-1/2"]
[WhiteElo "2416"]
[BlackElo "2179"]
[Annotator "TA"]
[PlyCount "172"]
[EventDate "2018.08.20"]
[EventType "swiss"]
[EventCountry "LAT"]
[SourceTitle "playchess.com"]
[Source "ChessBase"]
[SourceQuality "1"]

{[%evp 17,171,27,23,-48,-35,-45,-29,-39,-51,-31,-41,-54,-41,-43,-49,-55,-33,-118,2,8,20,-51,44,10,33,41,50,-29,-41,-35,0,0,0,0,0,0,0,0,0,0,0,0,0,-10,0,0,7,0,0,0,0,0,0,0,0,0,0,-217,-231,-238,-233,-360,-315,-362,-357,-362,-271,-264,-236,-252,-210,-362,-362,-354,-354,-432,-347,-343,-362,-345,-346,-468,-463,-455,-450,-456,-460,-383,-254,-260,-253,-245,-205,-205,-205,-6016,-6101,-4610,-247,-247,-153,-180,-180,-245,-180,-245,-237,-216,-153,-153,-14,-14,-14,-14,-14,-14,-14,-14,0,0,0,0,0,0,0,0,0,0,0,0,0,0,0,0,0,0,0,0,0,0,0,0,0,0,0,0,0,0,0,0,0,0,0,0,0,0]} 1. Nf3 d5 2. c4 e6 3. e3 Nf6 4. b3 Be7 5. Bb2 O-O 6. Nc3 c5 7. cxd5 exd5 8. d4 {A13: English Opening: 1...e6} b6 9. Rc1 Bb7 {LiveBook: 4 Games} 10. Bb5 $146 (10. Bd3 $11) ({Predecessor:} 10. Be2 Nbd7 11. O-O Rc8 12. Rc2 Re8 13. Qb1 a6 14. a4 Bd6 15. Rd1 Qe7 16. g3 h6 17. Bf1 Qe6 18. Bg2 Rc7 19. a5 bxa5 20. dxc5 Nxc5 {½-½ (126) Granda Zuniga,J (2640)-Leitao,R (2623) Quito 2012}) 10... c4 $1 $15 11. bxc4 a6 12. Ba4 dxc4 13. Bc2 b5 14. a3 $1 Qb6 15. O-O a5 16. Ne5 Rd8 17. e4 (17. Qe2 $15) 17... Rxd4 (17... Nc6 $17 18. Nxc6 Bxc6) 18. Qe2 $11 Rd8 19. Nd5 (19. a4 $11) 19... Nxd5 (19... Bxd5 $15 20. exd5 Ra7) 20. exd5 $14 Bxd5 21. Rcd1 Qe6 {Hoping for ...b4.} 22. Rfe1 ({White should play} 22. Qh5 $14 g6 23. Qh6) 22... Nd7 $11 23. Nxd7 $1 Qxe2 24. Rxe2 Rxd7 25. Bf5 Rdd8 {White must now prevent ...Bc6.} 26. Rxe7 b4 27. Rc1 c3 28. Ba1 Rab8 29. f3 g6 30. Be4 Bc4 31. Rc7 Bd5 32. Bxd5 Rxd5 33. axb4 axb4 34. Rb1 {aiming for Rxb4!} Rbd8 {Threatens to win with ...Rd1+.} 35. Rxb4 Rd1+ 36. Kf2 Rxa1 37. Rxc3 $2 {[%mdl 4096] Endgame KRR-KRR} (37. Kg3 $1 $11 {and White is okay.}) 37... Rd2+ $19 38. Ke3 Rxg2 39. Rb8+ Kg7 40. Rb7 {Now Rcc7 and White clings on.} Re1+ (40... Rxh2 41. Rcc7 $15) 41. Kf4 {and the idea Rcc7 leaves White hopeful.} Re6 {And now ...Kf6 would win.} ({Not} 41... Rxh2 42. Rcc7 $15) 42. h4 h6 {Strongly threatening ...Kf6.} 43. Rb5 Rh2 44. h5 $2 (44. Kg3 {was forced.} Ree2 45. f4) 44... g5+ (44... gxh5 $2 45. Kg3 $19) ({Less strong is} 44... Rxh5 45. Rxh5 gxh5 46. Rc1 $17) 45. Kg3 Rxh5 46. Rc4 Rh1 47. f4 Rg1+ 48. Kf2 Rg4 49. Kf3 Rh4 50. Kg3 Re3+ 51. Kf2 Ra3 52. Kg2 Rxf4 53. Rxf4 gxf4 {KR-KR} 54. Rb4 f3+ 55. Kg3 h5 {[%cal Bh6h5,Bh5h4,Bh4h3,Bh3h2][%mdl 32] ...Kg6 is the strong threat.} 56. Rb6 $2 (56. Rb2) 56... h4+ 57. Kf2 f6 $2 (57... h3 58. Kg3 f2+ $1 {[%mdl 512]} 59. Kxf2 f6) 58. Rb4 h3 59. Rg4+ Kh6 60. Kg3 (60. Rh4+ $142 Kg5 61. Rxh3) 60... Kh5 61. Rb4 {[#]} (61. Rh4+ $142 Kg5 62. Rg4+ Kf5 63. Rh4) 61... f2+ $1 62. Kxf2 h2 63. Kg2 {[#]} Ra2+ (63... Rh3 $1 $17 {[%mdl 512]} 64. Kh1 (64. Kxh3 h1=Q+) 64... f5) 64. Kh1 $11 {The position is equal.} Rf2 65. Rb2 Rf1+ (65... Rf3 {keeps more tension.} 66. Kxh2 Kg5 67. Kg2 Rc3 68. Rb4 Rc1) 66. Kxh2 Kg4 67. Kg2 Rf3 68. Rb4+ Rf4 69. Rb3 Ra4 70. Rg3+ Kf4 {With the idea ...Ra2+.} 71. Rf3+ Ke5 72. Re3+ Re4 73. Kf3 Rxe3+ 74. Kxe3 {KP-K} Kf5 75. Kf3 Kg5 76. Kg3 f5 77. Kf3 {[%cal Bg3f3,Bf3f2,Bf2g2][%mdl 32]} f4 78. Kf2 Kg4 {[%cal Bg5g4,Bg4f5,Bf5e5,Be5e4,Be4f4,Bf4e3,Be3f3][%mdl 32]} 79. Kg2 Kf5 80. Kf3 Ke5 81. Kf2 Ke4 82. Ke2 f3+ 83. Kf2 Kf4 84. Kf1 Ke3 {( -> ...f2)} (84... Kg3 $5 85. Kg1 $8 Kh4 $11) 85. Ke1 f2+ $2 {[%mdl 8192]} (85... Kd3 86. Kf2 Ke4) 86. Kf1 Kf3 {Precision: White = 57%, Black = 72%.} 1/2-1/2